| 000 -LEADER |
| fixed length control field |
02575cam a2200445 i 4500 |
| 001 - CONTROL NUMBER |
| control field |
18030958 |
| 003 - CONTROL NUMBER IDENTIFIER |
| control field |
NUST |
| 005 - DATE AND TIME OF LATEST TRANSACTION |
| control field |
20180117090032.0 |
| 008 - FIXED-LENGTH DATA ELEMENTS--GENERAL INFORMATION |
| fixed length control field |
140205s2014 nyua b 001 0 eng |
| 010 ## - LIBRARY OF CONGRESS CONTROL NUMBER |
| LC control number |
2014003703 |
| 020 ## - INTERNATIONAL STANDARD BOOK NUMBER |
| International Standard Book Number |
9781462515608 (hardback : acidfree paper) |
| 020 ## - INTERNATIONAL STANDARD BOOK NUMBER |
| International Standard Book Number |
1462515606 (hardback : acidfree paper) |
| 040 ## - CATALOGING SOURCE |
| Original cataloging agency |
DLC |
| Language of cataloging |
eng |
| Transcribing agency |
DLC |
| Description conventions |
rda |
| Modifying agency |
DLC |
| 042 ## - AUTHENTICATION CODE |
| Authentication code |
pcc |
| 050 00 - LIBRARY OF CONGRESS CALL NUMBER |
| Classification number |
RC473.C37 |
| Item number |
M36 2014 |
| 082 00 - DEWEY DECIMAL CLASSIFICATION NUMBER |
| Classification number |
616.89 KAT |
| Edition number |
23 |
| 084 ## - OTHER CLASSIFICATION NUMBER |
| Classification number |
PSY006000 |
| -- |
MED105010 |
| -- |
SOC025000 |
| -- |
EDU006000 |
| Number source |
bisacsh |
| 100 1# - MAIN ENTRY--PERSONAL NAME |
| Personal name |
Manassis, Katharina, |
| Relator term |
author. |
| 9 (RLIN) |
5500 |
| 245 10 - TITLE STATEMENT |
| Title |
Case formulation with children and adolescents / |
| Statement of responsibility, etc. |
Katharina Manassis. |
| 264 #1 - PRODUCTION, PUBLICATION, DISTRIBUTION, MANUFACTURE, AND COPYRIGHT NOTICE |
| Place of production, publication, distribution, manufacture |
New York ; |
| -- |
London : |
| Name of producer, publisher, distributor, manufacturer |
The Guilford Press, |
| Date of production, publication, distribution, manufacture, or copyright notice |
[2014] |
| 264 #4 - PRODUCTION, PUBLICATION, DISTRIBUTION, MANUFACTURE, AND COPYRIGHT NOTICE |
| Date of production, publication, distribution, manufacture, or copyright notice |
©2014 |
| 300 ## - PHYSICAL DESCRIPTION |
| Extent |
xii, 244 pages : |
| Other physical details |
illustrations ; |
| Dimensions |
24 cm |
| 336 ## - CONTENT TYPE |
| Content type term |
text |
| Source |
rdacontent |
| 337 ## - MEDIA TYPE |
| Media type term |
unmediated |
| Source |
rdamedia |
| 338 ## - CARRIER TYPE |
| Carrier type term |
volume |
| Source |
rdacarrier |
| 504 ## - BIBLIOGRAPHY, ETC. NOTE |
| Bibliography, etc. note |
Includes bibliographical references (pages 229-235) and index. |
| 520 ## - SUMMARY, ETC. |
| Summary, etc. |
"Highly practical and accessible, this book shows how to synthesize complex information about child and adolescent mental health problems into clinically useful case formulations that complement diagnosis. Provided are strategies and tools for analyzing the biological, psychological, social, cultural, and developmental factors that may be contributing to a child's or adolescent's difficulties (ages 4-18). Numerous case examples illustrate the steps in crafting a comprehensive formulation and using it to plan effective, individualized treatment. Helpful reproducible forms can be downloaded and printed in a convenient 8 1/2" x 11" size"-- |
| Assigning source |
Provided by publisher. |
| 650 #0 - SUBJECT ADDED ENTRY--TOPICAL TERM |
| Topical term or geographic name entry element |
Psychiatry |
| General subdivision |
Case formulation. |
| 9 (RLIN) |
5501 |
| 650 #0 - SUBJECT ADDED ENTRY--TOPICAL TERM |
| Topical term or geographic name entry element |
Interviewing in child psychiatry. |
| 9 (RLIN) |
5502 |
| 650 #0 - SUBJECT ADDED ENTRY--TOPICAL TERM |
| Topical term or geographic name entry element |
Interviewing in adolescent psychiatry. |
| 9 (RLIN) |
5503 |
| 650 #0 - SUBJECT ADDED ENTRY--TOPICAL TERM |
| Topical term or geographic name entry element |
Child psychiatry |
| General subdivision |
Differential therapeutics. |
| 9 (RLIN) |
5504 |
| 650 #7 - SUBJECT ADDED ENTRY--TOPICAL TERM |
| Topical term or geographic name entry element |
PSYCHOLOGY / Psychotherapy / Child & Adolescent. |
| Source of heading or term |
bisacsh |
| 9 (RLIN) |
5505 |
| 650 #7 - SUBJECT ADDED ENTRY--TOPICAL TERM |
| Topical term or geographic name entry element |
MEDICAL / Psychiatry / Child & Adolescent. |
| Source of heading or term |
bisacsh |
| 9 (RLIN) |
5506 |
| 650 #7 - SUBJECT ADDED ENTRY--TOPICAL TERM |
| Topical term or geographic name entry element |
SOCIAL SCIENCE / Social Work. |
| Source of heading or term |
bisacsh |
| 9 (RLIN) |
5507 |
| 650 #7 - SUBJECT ADDED ENTRY--TOPICAL TERM |
| Topical term or geographic name entry element |
EDUCATION / Counseling / General. |
| Source of heading or term |
bisacsh |
| 9 (RLIN) |
5508 |
| 906 ## - LOCAL DATA ELEMENT F, LDF (RLIN) |
| a |
7 |
| b |
cbc |
| c |
orignew |
| d |
1 |
| e |
ecip |
| f |
20 |
| g |
y-gencatlg |
| 942 ## - ADDED ENTRY ELEMENTS (KOHA) |
| Source of classification or shelving scheme |
|
| Koha item type |
Book |